Zásobování teplem /

Hlavní autor: Brož, Karel, 1939-2008
Korporativní autor: České vysoké učení technické v Praze. Strojní fakulta
Jazyk: Čeština
Vydáno: Praha : České vysoké učení technické, 1997
Vydání: Vyd. 1.
Témata:
Fyzický popis: 217 s. : il. ; 29 cm
Knihy
Uloženo v:
LEADER 01291nam a2200337 a 4500
001 000146327
003 CZ BrMZK
005 20080708101541.0
007 ta
008 010907s1997 xr f cze d
015 |a cnb000208719 
020 |a 80-01-01587-4 
035 |a (OCoLC)37959253 
040 |a BOA001  |b cze 
080 |a 697.3/.4(075.8)  |2 MRF 
100 1 |a Brož, Karel,  |d 1939-2008  |7 jk01013216  |4 aut 
245 1 0 |a Zásobování teplem /  |c Karel Brož 
250 |a Vyd. 1. 
260 |a Praha :  |b České vysoké učení technické,  |c 1997 
300 |a 217 s. :  |b il. ;  |c 29 cm 
504 |a Obsahuje bibliografii 
521 8 |a Určeno pro posluchače fakulty strojní 
653 0 |a teplo  |a vytápění 
710 2 |a České vysoké učení technické v Praze.  |b Strojní fakulta  |7 ko20010093670 
910 |a BOA001  |b 4-1030.296  |b TK-A-0260.766 
920 |a 000164458 
964 |a Teplo  |x zásobování  |x učebnice  |x školy vysoké 
990 |a BK 
996 7 |b 2610048618  |c 4-1030.296  |l MZK  |r Sklad / do 1 hodiny  |n 11  |p p.v.  |w 000146327  |u 000010  |a 1  |e BOA001  |j MZK50  |s A 
996 7 |b 2620006840  |c TK-A-0260.766  |l MZK  |r Sklad / do 24 hodin  |n 0  |p kup  |w 000146327  |u 000020  |a 1  |e BOA001  |j MZK50  |s A 
996 7 |b 2620006841  |c TK-A-0260.766  |l MZK  |r Sklad / do 24 hodin  |n 2  |p kup  |w 000146327  |u 000030  |a 1  |e BOA001  |j MZK50  |s A